000 02054cam a22001934a 4500
005 20250605164340.0
008 250528s ||||||||||||||||||||||||d
035 _a23580
040 _aGR-AtMCL
_bgre
_dGR-AtMCL
_eAACR2
245 1 _aΗ Επίπτωση των Συγχωνεύσεων στην Εταιρική Κουλτούρα./Η Περίπτωση της Εταιρίας Pfizer.
260 _c2016
300 _a128
520 _aΕισαγωγή, Εταιρική Κουλτούρα και Εταιρική Εικόνα, Τύποι Επιχειρησιακής Κουλτούρας Competing Values Culture Model, Σχέση Κουλτούρας και Χρηματοοικονομικής Επίδοσης της Επιχείρησης, ο Ρόλος της Εταιρικής Κουλτούρας στις Ε&Σ, Συμπεράσματα Θεωρητικής Προσέγγισης, Στρατηγική των Επιχειρήσεων, Στρατηγική Ανάλυση Φαρμακευτικών Εταιριών, Τύποι Εξαγορών και Συγχωνεύσεων, τα Κύματα των Εξαγορών και Συγχωνεύσεων, Αξιολόγηση Αποτελεσματικότητας Ε&Σ, Προϋποθέσεις Επιτυχίας της Στρατηγικής Ανάπτυξης Μέσω Ε&Σ, η Αμερικάνικη Φαρμακοβιομηχανία, η Φαρμακοβιομηχανία Pfizer, Μέσα Έρευνας, Ποσοτική Έρευνα και Μεθοδολογία, Περιγραφή Πληθυσμού - Δείγματος, Ευρήματα / Αποτελέσματα, Συσχετίσεις, Περιγραφικά Μέτρα (Descriptive Statistics), Συσχετίσης (Correlations) Αδύνατα Σημεία, Κώδικας Έρευνας, Πηγές, Βιβλιογραφία, Παραρτήματα.
700 1 _aΔρ. Κιτωνάκης Νίκος
_99160
700 1 _aΤζούμα Ευαγγελία
_99167
942 _cDS
999 _c8581
_d8581